| 000 | 03063ngm a2200661 c 4500 | ||
|---|---|---|---|
| 003 | BLK | ||
| 005 | 20240528135003.0 | ||
| 008 | 180410b bul||n||s|||||||| n|bulo| | ||
| 010 | _aCDD00005202000 | ||
| 040 | _aBLK | ||
| 041 |
_aBUL _cBUL |
||
| 072 | 7 |
_2bullib _aФ0602 _xДокументални филми Ф |
|
| 072 | 7 |
_2bullib _aК _xКраезнание |
|
| 080 |
_aХристиянски монашески ордени. Манастири. Монаси. Отшелници _b27-788 _x(497.21-22)(091) _z27-788(497.21-22)(091) |
||
| 080 |
_aЦърковна архитектура _b726 _x.03(497.21-22) _z726.03(497.21-22) |
||
| 080 |
_aРелигиозна живопис _b75.046 _x.03(497.21-22) _z75.046.03(497.21-22) |
||
| 080 |
_aФилмова информация. Кинохроники _b791.43-92 _z791.43-92 |
||
| 139 |
_aСкалните манастири в България - ІІ част [видео DVD] _bС 39 |
||
| 245 | 1 | 0 |
_aСкалните манастири в България - ІІ част [видео DVD] _cсценарист Димчо Петров; режисьор Елена Машкова; оператор Стилян Антонов. |
| 257 | _aBGR | ||
| 260 |
_bРегион. телевизионен център _c[2008] |
||
| 300 |
_a(1,19 GB) _c12 см |
||
| 380 | _a7 | ||
| 490 | _aОпознайте историята и забележителностите на родния край с филмите на РТВЦ - Русе | ||
| 500 | _aДигитално изд. | ||
| 650 | 4 |
_aМанастири - Русенски край - история _9271763 |
|
| 650 | 4 |
_aСкални изображения _9171020 |
|
| 650 | 4 |
_aАрхитектура, църковна - Русе и Русенски край _9301706 |
|
| 650 | 4 |
_aСтенописи, български - Иваново, Русенско _9301701 |
|
| 650 | 4 |
_aМанастири - България - история и архитектура _9262421 |
|
| 651 | 4 |
_aРусенско _9179464 |
|
| 651 | 4 |
_aИваново _9178930 |
|
| 651 | 4 |
_aЧервен _9179772 |
|
| 651 | 4 |
_aНисово _9179275 |
|
| 651 | 4 |
_aКрепча _9179086 |
|
| 651 | 4 |
_aБасарбово _9178583 |
|
| 651 | 4 |
_aБългария _9241624 |
|
| 653 | _aскални манастири | ||
| 653 | _aИвановски скални църкви | ||
| 653 | _aстенописи | ||
| 653 | _aскални изображения | ||
| 653 | _aПоломие | ||
| 653 | _aдокументални филми | ||
| 659 | _aК | ||
| 659 | _aФ | ||
| 700 | 1 |
_aПетров, Димчо _eсценарист _9354990 |
|
| 700 | 1 |
_aМашкова, Елена _eрежисьор _9354991 |
|
| 700 | 1 |
_aАнтонов, Стилян _eоператор _9354987 |
|
| 852 |
_aЦб CD 2995 _p0 |
||
| 852 | _aК 2/С 39 | ||
| 856 | 4 |
_qpdf _u |
|
| 856 | 4 |
_qpdf _u |
|
| 942 |
_cCDD _n0 _s1 |
||
| 944 |
_aCR _c19.10.2011 _k30545 _lНора Радева |
||
| 944 |
_aED _c18.09.2013 |
||
| 999 |
_c223475 _d223475 |
||
| 999 | _d223475 | ||
| 999 | _d223475 | ||